La selección de los niños bien dotados /

Guardado en:
Autor Principal: Manrique, Gervasio
Formato: Libro
Publicado: España : Aguilar, 1933
Materias:
Etiquetas: Agregar Etiqueta
Sin Etiquetas, Sea el primero en etiquetar este registro!
LEADER 00509nam a22001815a 4500
001 CEM.cems006816
005 20060214000000.0
008 130507s1933##################000#0#####d
003 CEMS
082 0 4 |a 370.15 
100 1 |a Manrique, Gervasio 
245 1 0 |a La selección de los niños bien dotados / 
260 |a España :  |b Aguilar,  |c 1933 
300 |a 178 p. 
653 |a Educacion 
653 |a Niños sobredotados 
653 |a Psicología educativa 
859 |a CEMS  |b BIB. CEMS - 11 de abril  |h 370.15  |i M817  |p 5095.76  |t Ej.1